[Event "Champ FRA - Under 12"]
[Site "Europe Echecs"]
[Date "2020.07.08"]
[Round "5"]
[White "BillmannAlexan"]
[Black "ClaveriePaul"]
[Result "0-1"]
[WhiteElo "1229"]
[BlackElo "1041"]
[PlyCount "119"]
[EventDate "2020.??.??"]

1. d4 d5 2. c4 c6 3. Nf3 Nf6 4. Nc3 e6 5. Bf4 Be7 6. e3 O-O 7. Bd3 Bd6 8. Bxd6
Qxd6 9. c5 Qd7 10. a3 b6 11. b4 bxc5 12. bxc5 Bb7 13. Rb1 Qe7 14. Qb3 Bc8 15.
h3 Na6 16. Qa4 Nc7 17. Ne5 h6 18. Nxc6 Qd7 19. Bc4 dxc4 20. Rb4 Nfd5 21. Nxd5
exd5 22. Nxa7 Qxa4 23. Rxa4 Bd7 24. Ra5 Rab8 25. c6 Rb1+ 26. Ke2 Rxh1 27. cxd7
Rd8 28. Nb5 Nxb5 29. Rxb5 Rxd7 30. Rb8+ Kh7 31. Ra8 Rc7 32. a4 c3 33. a5 c2 34.
a6 c1=Q 35. a7 Qe1+ 36. Kf3 Qd1+ 37. Kg3 Rxa7 38. Rxa7 f5 39. Rd7 Qh5 40. Rxd5
Qg5+ 41. Kf3 Qh5+ 42. Kf4 Qg5+ 43. Kf3 Rg1 44. g3 Qh5+ 45. Kf4 Qxh3 46. Rxf5
Rf1 47. Ke4 Qg4+ 48. Rf4 Qe6+ 49. Kf3 g5 50. Re4 Qf5+ 51. Ke2 Qxe4 52. Kxf1
Qb1+ 53. Kg2 Qe4+ 54. Kf1 Kg6 55. Ke2 Kf5 56. Kd2 Kg4 57. Kc3 Qf3 58. Kc4 Qxf2
59. d5 Qxe3 60. d6 {BillmannAlexan a abandonné} 0-1

[Event "Champ FRA - Under 12"]
[Site "Europe Echecs"]
[Date "2020.07.08"]
[Round "5"]
[White "GarrigueMahel"]
[Black "PresentLadisla"]
[Result "1-0"]
[WhiteElo "1212"]
[BlackElo "1000"]
[PlyCount "39"]
[EventDate "2020.??.??"]

1. e4 e5 2. Nf3 Nc6 3. Nc3 Nf6 4. d4 Bd6 5. d5 Nb4 6. a3 Nbxd5 7. exd5 O-O 8.
Bg5 Re8 9. Bc4 c6 10. O-O cxd5 11. Nxd5 e4 12. Nxf6+ Kf8 13. Nxh7+ Kg8 14. Bxd8
Rxd8 15. Nfg5 e3 16. fxe3 Bc5 17. Qd5 Bxe3+ 18. Kh1 Re8 19. Qxf7+ Kh8 20. Qxe8#
{PresentLadisla est échec et mat} 1-0

[Event "Champ FRA - Under 12"]
[Site "Europe Echecs"]
[Date "2020.07.08"]
[Round "5"]
[White "PoghosyanNoray"]
[Black "DumasGustave"]
[Result "0-1"]
[WhiteElo "1200"]
[BlackElo "999"]
[PlyCount "36"]
[EventDate "2020.??.??"]

1. e4 e5 2. Nf3 Nc6 3. Bc4 Nf6 4. Nc3 Nxe4 5. Nxe4 d5 6. Bd3 dxe4 7. Bxe4 Bc5
8. h3 O-O 9. O-O Nd4 10. Nxe5 Qe7 11. Qh5 g6 12. Bxg6 fxg6 13. Qd1 Qxe5 14. Re1
Qf5 15. c3 Qxf2+ 16. Kh2 Bd6+ 17. Kh1 Qg3 18. Kg1 Qh2# {PoghosyanNoray est
échec et mat} 0-1

[Event "Champ FRA - Under 12"]
[Site "Europe Echecs"]
[Date "2020.07.08"]
[Round "5"]
[White "SamorukovEgor"]
[Black "SemenovSonia"]
[Result "1-0"]
[WhiteElo "1060"]
[BlackElo "1193"]
[PlyCount "29"]
[EventDate "2020.??.??"]

1. e4 e5 2. Nf3 Nc6 3. Bc4 Bc5 4. c3 Nf6 5. d4 exd4 6. cxd4 Bb4+ 7. Bd2 Nxe4 8.
Bxb4 Nxb4 9. Bxf7+ Kxf7 10. Qb3+ Kg6 11. Ne5+ Kf5 12. Qxb4 a5 13. g4+ Kf4 14.
Qb3 Qh4 15. Qe3# {SemenovSonia est échec et mat} 1-0

[Event "Champ FRA - Under 12"]
[Site "Europe Echecs"]
[Date "2020.07.08"]
[Round "5"]
[White "OuaichaIsmail"]
[Black "BuchlinAlexis"]
[Result "0-1"]
[WhiteElo "1000"]
[BlackElo "1191"]
[PlyCount "94"]
[EventDate "2020.??.??"]

1. e4 e5 2. Bb5 Nf6 3. Nc3 c6 4. Bc4 b5 5. Be2 Qb6 6. d3 Bc5 7. Nf3 Bxf2+ 8.
Kf1 Bc5 9. Qe1 d6 10. Bg5 Nbd7 11. Bxf6 Nxf6 12. Nh4 g6 13. Bf3 Be6 14. Ke2 d5
15. exd5 cxd5 16. Nd1 e4 17. dxe4 dxe4 18. Rf1 exf3+ 19. Rxf3 Bg4 20. b4 Bxf3+
21. Nxf3 Qe6+ 22. Ne3 Qxe3+ 23. Kd1 Qxe1+ 24. Nxe1 Bxb4 25. Nd3 Bc3 26. Rb1 a6
27. Rb3 Bd4 28. Rb4 Bg1 29. Rf4 Ke7 30. Nc5 Bxh2 31. Rh4 Bg3 32. Rh3 Bd6 33.
Re3+ Kf8 34. Nb7 Bc7 35. Rf3 Kg7 36. Rc3 Be5 37. Rc5 Bd4 38. Rc6 Rab8 39. Na5
Rhd8 40. Nb3 Bc3+ 41. Ke2 Re8+ 42. Kf1 Re1+ 43. Kf2 Ne4+ 44. Kf3 Re8 45. Rxa6
Rf1+ 46. Kg4 f5+ 47. Kh3 Rh1# {OuaichaIsmail est échec et mat} 0-1

[Event "Champ FRA - Under 12"]
[Site "Europe Echecs"]
[Date "2020.07.08"]
[Round "5"]
[White "DeMouraChloe"]
[Black "CharlierStanis"]
[Result "1-0"]
[WhiteElo "1049"]
[BlackElo "1187"]
[PlyCount "47"]
[EventDate "2020.??.??"]

1. e4 e5 2. Nf3 Nc6 3. d4 exd4 4. Nxd4 Nf6 5. Nxc6 bxc6 6. Nc3 d5 7. exd5 cxd5
8. Bb5+ Bd7 9. Bxd7+ Qxd7 10. O-O d4 11. Re1+ Be7 12. Ne4 Bd6 13. Nxf6+ Kd8 14.
Nxd7 Kxd7 15. Qxd4 Rad8 16. Qxg7 Rhg8 17. Qxf7+ Kc8 18. Qe6+ Kb8 19. Qb3+ Kc8
20. Be3 Rde8 21. Bxa7 Rxe1+ 22. Rxe1 Kd7 23. Qxg8 Kc6 24. Qxh7 {CharlierStanis
a abandonné} 1-0

[Event "Champ FRA - Under 12"]
[Site "Europe Echecs"]
[Date "2020.07.08"]
[Round "5"]
[White "LagrangePereir"]
[Black "LeCamRaphael"]
[Result "0-1"]
[WhiteElo "999"]
[BlackElo "1180"]
[PlyCount "116"]
[EventDate "2020.??.??"]

1. d4 d5 2. Nf3 e6 3. Nc3 Bd6 4. Bg5 Be7 5. Bxe7 Nxe7 6. e3 Nbc6 7. Bd3 b6 8.
O-O Bb7 9. Bb5 O-O 10. Bxc6 Bxc6 11. Ne5 Bb7 12. a3 Ba6 13. Re1 Nf5 14. b4 Bc4
15. e4 Nd6 16. exd5 Bxd5 17. Nxd5 exd5 18. Qf3 Nc4 19. Nxc4 dxc4 20. Qc3 b5 21.
a4 a6 22. axb5 axb5 23. Rxa8 Qxa8 24. Ra1 Qd8 25. g3 c6 26. Ra6 Qc8 27. Ra1 Re8
28. Re1 Re6 29. Rxe6 Qxe6 30. Qa3 h6 31. c3 Qe1+ 32. Kg2 Qe4+ 33. Kg1 Qd5 34.
Qa8+ Kh7 35. Qa1 Qe6 36. Qb1+ Kg8 37. Kg2 Qe4+ 38. Kg1 Qxb1+ 39. Kg2 Qc2 40.
Kf3 Qxc3+ 41. Ke4 Qxb4 42. f4 c3 43. Kd3 c2 44. Kxc2 Qxd4 45. Kb3 Qf2 46. Kb4
Qxh2 47. Kc5 Qxg3 48. Kxc6 Qxf4 49. Kxb5 h5 50. Kc5 h4 51. Kd5 h3 52. Kc5 h2
53. Kd5 h1=Q+ 54. Kc5 Qf5+ 55. Kd4 Qhe4+ 56. Kc3 Qff3+ 57. Kd2 Qee2+ 58. Kc1
Qff1# {LagrangePereir est échec et mat} 0-1

[Event "Champ FRA - Under 12"]
[Site "Europe Echecs"]
[Date "2020.07.08"]
[Round "5"]
[White "MayJoani"]
[Black "LucaseudelineA"]
[Result "1/2-1/2"]
[WhiteElo "999"]
[BlackElo "1167"]
[PlyCount "84"]
[EventDate "2020.??.??"]

1. e4 c5 2. Nf3 Nf6 3. Nc3 Nc6 4. d4 cxd4 5. Nxd4 e6 6. Nxc6 bxc6 7. Qf3 Bb4 8.
Bd2 O-O 9. O-O-O Rb8 10. Bg5 Bxc3 11. Qxc3 Qb6 12. Bxf6 gxf6 13. Qxf6 Re8 14.
b3 d5 15. exd5 exd5 16. Qg5+ Kh8 17. Qg3 Qc5 18. Bd3 Rg8 19. Qxb8 Qxf2 20. Qg3
Rxg3 21. hxg3 Qe3+ 22. Kb1 Qxg3 23. Bxh7 Bg4 24. Bf5+ Kg8 25. Bxg4 Qxg4 26.
Rhg1 Kg7 27. Kb2 Kf6 28. c4 Qe2+ 29. Kc3 Qe3+ 30. Kb4 c5+ 31. Ka3 dxc4 32.
Rgf1+ Kg7 33. Rf3 Qe2 34. Rdf1 Qxg2 35. Rxf7+ Kh6 36. R7f6+ Kh5 37. R1f5+ Kh4
38. Rf4+ Kg5 39. R4f5+ Kh4 40. Rf4+ Kg5 41. R6f5+ Kg6 42. Rf6+ Kg5 {Nulle par
répétition} 1/2-1/2

[Event "Champ FRA - Under 12"]
[Site "Europe Echecs"]
[Date "2020.07.08"]
[Round "5"]
[White "LoszycerSasha"]
[Black "AllainGaston"]
[Result "1-0"]
[WhiteElo "1162"]
[BlackElo "799"]
[PlyCount "63"]
[EventDate "2020.??.??"]

1. d4 Nc6 2. c4 g6 3. Nf3 Bg7 4. e3 Nf6 5. Bd3 O-O 6. O-O d6 7. Nc3 Bg4 8. h3
Bxf3 9. Qxf3 e6 10. a3 e5 11. d5 e4 12. Qd1 exd3 13. dxc6 bxc6 14. Qxd3 Nh5 15.
Ne4 Qh4 16. Ng3 Nxg3 17. fxg3 Qxg3 18. Rf3 Qg5 19. e4 Qh5 20. Re3 Qc5 21. b4
Qb6 22. Ra2 c5 23. Bb2 Bxb2 24. Rxb2 cxb4 25. Rxb4 Qa6 26. Qc3 Rab8 27. Rxb8
Rxb8 28. e5 dxe5 29. Rxe5 Qf6 30. Re8+ Kg7 31. Qxf6+ Kxf6 32. Rxb8 {
AllainGaston a abandonné} 1-0

[Event "Champ FRA - Under 12"]
[Site "Europe Echecs"]
[Date "2020.07.08"]
[Round "5"]
[White "SicartAugustin"]
[Black "BriguetRemi"]
[Result "0-1"]
[WhiteElo "999"]
[BlackElo "1160"]
[PlyCount "73"]
[EventDate "2020.??.??"]

1. e4 e5 2. Nf3 Nc6 3. Ng5 Qxg5 4. Bc4 Qxg2 5. Rf1 Qxe4+ 6. Qe2 Qxe2+ 7. Kxe2
Nd4+ 8. Kd1 Nf6 9. Nc3 d6 10. d3 Bf5 11. Bf4 exf4 12. Re1+ Be7 13. Kd2 Nf3+ 14.
Ke2 Nxe1 15. Rxe1 O-O 16. Kf3 Ng4 17. Rxe7 Rfe8 18. Rxe8+ Rxe8 19. Nd5 Nxh2+
20. Kg2 Ng4 21. Nxc7 Re2 22. Ne8 Rxe8 23. d4 Bxc2 24. b4 Re4 25. f3 Rxd4 26.
Be2 Ne3+ 27. Kf2 Rxb4 28. a3 Ra4 29. Bb5 Rxa3 30. Ke2 h5 31. Bc4 Nxc4 32. Kf1
h4 33. Kg2 Bf5 34. Kh2 h3 35. Kh1 Ra2 36. Kg1 h2+ 37. Kh1 {SicartAugustin a
abandonné} 0-1

[Event "Champ FRA - Under 12"]
[Site "Europe Echecs"]
[Date "2020.07.08"]
[Round "5"]
[White "DemaimayOscar"]
[Black "GluckPhileas"]
[Result "1-0"]
[WhiteElo "1141"]
[BlackElo "999"]
[PlyCount "97"]
[EventDate "2020.??.??"]

1. d4 d5 2. Nc3 Nf6 3. Bf4 Nc6 4. Nb5 Rb8 5. Bxc7 Qd7 6. Bxb8 a6 7. Be5 axb5 8.
Bxf6 exf6 9. Nf3 Bb4+ 10. c3 Ba5 11. Qd3 O-O 12. Qxb5 f5 13. Qd3 f4 14. b4 Bb6
15. g3 fxg3 16. hxg3 g6 17. Ng5 Qe7 18. Nxh7 Re8 19. Rc1 Bf5 20. Qb5 Bc7 21. c4
Nxd4 22. e3 Nxb5 23. cxd5 Be5 24. Bxb5 Be4 25. Rh2 Bb2 26. Rd1 Bc2 27. Rd2 Bc3
28. Bxe8 Bxd2+ 29. Kxd2 Qxe8 30. Kxc2 Qd8 31. e4 f5 32. f3 Qc8+ 33. Kb3 Qe8 34.
Nf6+ Kf7 35. Nxe8 Kxe8 36. exf5 gxf5 37. g4 fxg4 38. fxg4 Ke7 39. g5 Kd6 40. g6
Ke7 41. g7 Kf7 42. Rg2 b5 43. g8=Q+ Ke7 44. Rf2 Kd6 45. Rf5 Ke7 46. Qg7+ Kd6
47. Qg6+ Ke7 48. Rf7+ Ke8 49. Qg8# {GluckPhileas est échec et mat} 1-0

[Event "Champ FRA - Under 12"]
[Site "Europe Echecs"]
[Date "2020.07.08"]
[Round "5"]
[White "SubkhanberdinJ"]
[Black "ChareyreMathie"]
[Result "0-1"]
[WhiteElo "999"]
[BlackElo "1080"]
[PlyCount "38"]
[EventDate "2020.??.??"]

1. e4 d5 2. Nc3 d4 3. Nd5 c6 4. Nb4 c5 5. Nd5 e6 6. Nf4 Nc6 7. Bb5 e5 8. Nd5
Nf6 9. c4 Nxd5 10. exd5 a6 11. Bxc6+ bxc6 12. dxc6 Qc7 13. d3 Qxc6 14. b3 Bd6
15. Ba3 e4 16. dxe4 Qxe4+ 17. Ne2 d3 18. f3 Qe3 19. Qb1 Qxe2# {SubkhanberdinJ
est échec et mat} 0-1

[Event "Champ FRA - Under 12"]
[Site "Europe Echecs"]
[Date "2020.07.08"]
[Round "5"]
[White "GadoisClaire"]
[Black "CabasseLoiseau"]
[Result "1-0"]
[WhiteElo "1040"]
[BlackElo "999"]
[PlyCount "32"]
[EventDate "2020.??.??"]

1. e4 Nc6 2. Nf3 e5 3. d4 exd4 4. Nxd4 Nxd4 5. Qxd4 a6 6. Bc4 Bd6 7. e5 a5 8.
exd6 Ne7 9. dxe7 Qxe7+ 10. Be3 O-O 11. O-O b6 12. Re1 h6 13. Bf4 Qd8 14. Nc3 d6
15. Bd3 Re8 16. Be4 Bb7 {CabasseLoiseau a abandonné} 1-0

[Event "Champ FRA - Under 12"]
[Site "Europe Echecs"]
[Date "2020.07.08"]
[Round "5"]
[White "CayauNolanMael"]
[Black "AumontDiego"]
[Result "0-1"]
[WhiteElo "999"]
[BlackElo "999"]
[PlyCount "56"]
[EventDate "2020.??.??"]

1. e4 e5 2. Bc4 d5 3. exd5 Nf6 4. d6 cxd6 5. Bb5+ Bd7 6. Bc4 d5 7. Bxd5 Nxd5 8.
Nc3 Nxc3 9. bxc3 Bc5 10. d4 exd4 11. cxd4 Qe7+ 12. Ne2 Bb6 13. O-O Bg4 14. h3
Bxe2 15. Qe1 Bxf1 16. Qxf1 Bxd4 17. Bf4 Qf6 18. Re1+ Kd8 19. Rd1 Qxf4 20. Rxd4+
Qxd4 21. c3 Qxc3 22. Qd1+ Ke8 23. Qe1+ Kd8 24. Qd1+ Nd7 25. Qa4 Qc7 26. Qh4+ f6
27. Qg4 Re8 28. Qxg7 Re1# {CayauNolanMael est échec et mat} 0-1

[Event "Champ FRA - Under 12"]
[Site "Europe Echecs"]
[Date "2020.07.08"]
[Round "5"]
[White "BonnayTramoniB"]
[Black "LetouxneeceTra"]
[Result "1-0"]
[WhiteElo "999"]
[BlackElo "999"]
[PlyCount "89"]
[EventDate "2020.??.??"]

1. e4 e5 2. Nf3 Nc6 3. Bc4 h6 4. Nc3 Bc5 5. d3 Nf6 6. Qe2 Ng4 7. O-O Nd4 8.
Nxd4 Bxd4 9. Qxg4 d6 10. Nb5 Bxg4 11. Nxd4 Qg5 12. Bxg5 hxg5 13. Nb3 f5 14.
exf5 Bxf5 15. Bd5 c6 16. Bf3 d5 17. Nc5 e4 18. dxe4 dxe4 19. Bxe4 Bxe4 20. Nxe4
Rd8 21. Rfe1 Kf8 22. Nxg5 g6 23. Ne6+ Kf7 24. Nxd8+ Rxd8 25. Rad1 Rf8 26. Rd7+
Kg8 27. Rxb7 a5 28. a4 c5 29. Rb5 Rd8 30. Rxc5 g5 31. h3 g4 32. hxg4 Kf7 33.
Rxa5 Kg6 34. Ra6+ Kg5 35. a5 Kxg4 36. Rg6+ Kf5 37. Rb6 Kg4 38. a6 Ra8 39. Ra1
Rd8 40. a7 Kf4 41. a8=Q Rxa8 42. Rxa8 Ke4 43. Ra4+ Kd5 44. Rb5+ Kd6 45. Ra6+ {
LetouxneeceTra a abandonné} 1-0

[Event "Champ FRA - Under 12"]
[Site "Europe Echecs"]
[Date "2020.07.08"]
[Round "6"]
[White "BreuilTristan"]
[Black "MateriaMarco"]
[Result "0-1"]
[WhiteElo "1898"]
[BlackElo "2269"]
[PlyCount "72"]
[EventDate "2020.??.??"]

1. e4 c5 2. Nf3 e6 3. d4 cxd4 4. Nxd4 Nc6 5. Nc3 Qc7 6. Ndb5 Qb8 7. Be3 a6 8.
Bb6 axb5 9. Nxb5 Bb4+ 10. c3 Ba5 11. Nc7+ Qxc7 12. Bxc7 Bxc7 13. Qg4 Kf8 14. f4
d5 15. exd5 Nf6 16. Qf3 exd5 17. h3 Bf5 18. Bd3 Re8+ 19. Kd2 Be4 20. Bxe4 dxe4
21. Qe3 g6 22. g3 Kg7 23. Rhe1 Rd8+ 24. Kc2 Rd3 25. Qf2 Re8 26. Re3 Bb6 27.
Rae1 Rxe3 28. Rxe3 Nd5 29. Rxe4 Bxf2 30. Rxe8 Bxg3 31. f5 gxf5 32. c4 Nf6 33.
Rc8 f4 34. Kd3 f3 35. Ke3 f2 36. Ke2 Ne4 {BreuilTristan a abandonné} 0-1

[Event "Champ FRA - Under 12"]
[Site "Europe Echecs"]
[Date "2020.07.08"]
[Round "6"]
[White "KuhnClement"]
[Black "TrevisiolAntoi"]
[Result "1-0"]
[WhiteElo "2150"]
[BlackElo "1788"]
[PlyCount "93"]
[EventDate "2020.??.??"]

1. e4 e6 2. d4 d5 3. Nc3 Bb4 4. Nge2 c5 5. exd5 Qxd5 6. Bd2 Qd7 7. a3 Bxc3 8.
Bxc3 cxd4 9. Nxd4 Nf6 10. Bb5 Nc6 11. O-O O-O 12. Nxc6 bxc6 13. Bc4 Qxd1 14.
Raxd1 Nd5 15. Bd4 Bb7 16. Bc5 Rfd8 17. Be2 Nb6 18. b3 Rd5 19. Rxd5 cxd5 20. Rc1
Rc8 21. Bd4 f6 22. f4 Kf7 23. Kf2 Ke7 24. a4 Ra8 25. c4 dxc4 26. Bxb6 axb6 27.
Rxc4 Kd6 28. Rd4+ Bd5 29. Rb4 Kc5 30. Rb5+ Kc6 31. f5 Ra5 32. fxe6 Rxb5 33.
Bxb5+ Kd6 34. b4 Bxe6 35. Ke3 Bd5 36. g3 h6 37. Kd4 g5 38. Bd3 Bc6 39. a5 bxa5
40. bxa5 Bb7 41. a6 Ba8 42. Be4 Bxe4 43. Kxe4 Kc7 44. Kf5 Kb6 45. Kxf6 Kxa6 46.
Kg6 Kb5 47. Kxh6 {TrevisiolAntoi a abandonné} 1-0

[Event "Champ FRA - Under 12"]
[Site "Europe Echecs"]
[Date "2020.07.08"]
[Round "6"]
[White "ValleeLouis"]
[Black "GardeGuillaume"]
[Result "1-0"]
[WhiteElo "1864"]
[BlackElo "1716"]
[PlyCount "75"]
[EventDate "2020.??.??"]

1. d4 d5 2. c4 dxc4 3. e4 e5 4. Nf3 exd4 5. Bxc4 Nc6 6. O-O Be6 7. Bb5 Bc5 8.
b4 Bb6 9. a4 a6 10. Bxc6+ bxc6 11. a5 Ba7 12. Bb2 Nf6 13. Bxd4 Nxe4 14. Bxa7
Qxd1 15. Rxd1 Rxa7 16. Nd4 c5 17. Nxe6 fxe6 18. Re1 Nf6 19. bxc5 Ke7 20. Nc3
Rb7 21. c6 Rb4 22. Na4 Rd8 23. Nc5 Rd6 24. Nxa6 Rc4 25. Nxc7 Rcxc6 26. a6 Rxc7
27. a7 Rd8 28. a8=Q Rxa8 29. Rxa8 Kd6 30. Ra6+ Kd5 31. Raxe6 Rc4 32. Re7 g6 33.
Rd1+ Kc5 34. Rc7+ Kb4 35. Rxc4+ Kxc4 36. Rd6 Ne4 37. Rd7 Nf6 38. Rf7 {
GardeGuillaume a abandonné} 1-0

[Event "Champ FRA - Under 12"]
[Site "Europe Echecs"]
[Date "2020.07.08"]
[Round "6"]
[White "GeronimiJeanTh"]
[Black "KassabChadi"]
[Result "1-0"]
[WhiteElo "1827"]
[BlackElo "1659"]
[PlyCount "61"]
[EventDate "2020.??.??"]

1. e4 c5 2. Nf3 d6 3. d4 cxd4 4. Nxd4 Nf6 5. Nc3 a6 6. f3 Nbd7 7. Be3 g6 8. Qd2
Bg7 9. O-O-O e5 10. Nb3 Bf8 11. Bc4 Be7 12. Bh6 b5 13. Bd5 Nxd5 14. Nxd5 Nb6
15. Nxe7 Nc4 16. Qd5 Be6 17. Qb7 Rb8 18. Qxa6 Qxe7 19. Nd2 Nxd2 20. Rxd2 g5 21.
Qxd6 Qxd6 22. Rxd6 Rg8 23. h4 gxh4 24. Rxh4 Rxg2 25. Be3 Rg3 26. Rxh7 Rxf3 27.
Bc5 Rc8 28. Rh8+ Ke7 29. Rxc8 Bxc8 30. Rd3+ Ke6 31. Rxf3 {KassabChadi a
abandonné} 1-0

[Event "Champ FRA - Under 12"]
[Site "Europe Echecs"]
[Date "2020.07.08"]
[Round "6"]
[White "DeladerriereAp"]
[Black "LissillourBapt"]
[Result "0-1"]
[WhiteElo "1702"]
[BlackElo "1731"]
[PlyCount "136"]
[EventDate "2020.??.??"]

1. e4 e5 2. Nf3 Nc6 3. d4 exd4 4. Nxd4 Nf6 5. Nxc6 bxc6 6. e5 Qe7 7. Qe2 Nd5 8.
h4 a5 9. Bg5 f6 10. exf6 Nxf6 11. Bxf6 gxf6 12. Nc3 d5 13. O-O-O Qxe2 14. Bxe2
Bd6 15. Rhe1 Kf8 16. Bf3 Bf5 17. Nxd5 cxd5 18. Rxd5 Bf4+ 19. Kb1 Bg6 20. h5 Re8
21. Red1 Bf7 22. Rxa5 Kg7 23. g3 Be5 24. Bg4 Ra8 25. Rxa8 Rxa8 26. Rd7 Re8 27.
c3 Bd6 28. c4 Re7 29. Rxe7 Bxe7 30. Be2 Bc5 31. f4 Kh6 32. g4 Be3 33. f5 c5 34.
Kc2 Kg5 35. a4 Be8 36. b3 Bc6 37. Kd3 Bd4 38. Bd1 Kf4 39. b4 Be4+ 40. Kd2 cxb4
41. a5 Bb7 42. Kd3 Ke5 43. Ba4 Bc5 44. Kc2 Kf4 45. Be8 Kxg4 46. Bf7 Kxf5 47.
Bg8 h6 48. Bf7 Kg5 49. Bg6 Ba6 50. Kd3 f5 51. Bf7 f4 52. Ke2 b3 53. Kd2 f3 54.
Bd5 f2 55. Bg2 Bxc4 56. Kc3 f1=Q 57. Bxf1 Bxf1 58. Kxb3 Kxh5 59. Ka4 Kg4 60.
Kb3 h5 61. Kc3 h4 62. Kd2 h3 63. Ke1 h2 64. Kxf1 h1=Q+ 65. Ke2 Qe4+ 66. Kd2
Bb4+ 67. Kd1 Qd3+ 68. Kc1 Ba3# {DeladerriereAp est échec et mat} 0-1

[Event "Champ FRA - Under 12"]
[Site "Europe Echecs"]
[Date "2020.07.08"]
[Round "6"]
[White "TouillerThibau"]
[Black "CassamChenaiAn"]
[Result "0-1"]
[WhiteElo "1504"]
[BlackElo "1839"]
[PlyCount "42"]
[EventDate "2020.??.??"]

1. d4 Nf6 2. c4 c5 3. d5 b5 4. cxb5 a6 5. Nc3 axb5 6. e4 b4 7. Nb5 d6 8. Bc4
Nxe4 9. Qe2 Nf6 10. Bf4 e5 11. dxe6 fxe6 12. Bxe6 Ba6 13. Bd5+ Be7 14. Bxa8 O-O
15. Qe6+ Kh8 16. a4 bxa3 17. Nxa3 Nh5 18. Bg3 Qa5+ 19. Kd1 Nxg3 20. hxg3 Rxf2
21. Qe4 Qd2# {TouillerThibau est échec et mat} 0-1

[Event "Champ FRA - Under 12"]
[Site "Europe Echecs"]
[Date "2020.07.08"]
[Round "6"]
[White "VuDinhAdrien"]
[Black "SoyeuxGabriel"]
[Result "0-1"]
[WhiteElo "1740"]
[BlackElo "1501"]
[PlyCount "146"]
[EventDate "2020.??.??"]

1. e4 d5 2. exd5 Qxd5 3. Nc3 Qd8 4. d4 Nf6 5. Nf3 Bg4 6. Be2 e6 7. O-O Be7 8.
Bf4 c6 9. h3 Bh5 10. Qd2 O-O 11. Rad1 Nbd7 12. Rfe1 Nd5 13. Nxd5 cxd5 14. c3
Nf6 15. Bd3 Bxf3 16. gxf3 Bd6 17. Bg5 h6 18. Be3 Nh5 19. Bf1 Qh4 20. Bg2 Nf4
21. Bxf4 Bxf4 22. Qd3 Bd6 23. b4 Qf4 24. Qe3 Rac8 25. Rc1 Qh2+ 26. Kf1 Bf4 27.
Qd3 Bxc1 28. Rxc1 Qd6 29. Kg1 Rc4 30. Bf1 Rfc8 31. Qd2 R4c6 32. Bb5 R6c7 33.
Qd3 a6 34. Ba4 b5 35. Bc2 g6 36. Bb1 Rc6 37. Qe3 h5 38. Kh1 Qc7 39. Rg1 Rxc3
40. Qg5 Rxf3 41. Kg2 Qf4 42. Qxf4 Rxf4 43. Rd1 Rc4 44. Kg3 Rfxd4 45. Re1 Rxb4
46. Rc1 Rbc4 47. Re1 Rd2 48. h4 Rg4+ 49. Kh3 Rxf2 50. a4 Rxa4 51. Kg3 Rff4 52.
Rc1 Rg4+ 53. Kh3 Rxh4+ 54. Kg2 Rhc4 55. Rf1 b4 56. Kf3 b3 57. Ke2 b2 58. Kd2
Ra1 59. Rg1 Rc1 60. Rg3 Rcxb1 61. Rb3 Rd1+ 62. Ke2 b1=Q 63. Rg3 Qc2+ 64. Kf3
Ra3+ 65. Kf4 Qe4+ 66. Kg5 Rxg3+ 67. Kf6 Qh4+ 68. Ke5 Re3+ 69. Kd6 Qd8+ 70. Kc6
Rc3+ 71. Kb7 Rb1+ 72. Ka7 Qb8+ 73. Kxa6 Ra3# {VuDinhAdrien est échec et mat}
0-1

[Event "Champ FRA - Under 12"]
[Site "Europe Echecs"]
[Date "2020.07.08"]
[Round "6"]
[White "LevannierGouel"]
[Black "LamarreArmand"]
[Result "1-0"]
[WhiteElo "1659"]
[BlackElo "1449"]
[PlyCount "137"]
[EventDate "2020.??.??"]

1. e4 c5 2. Nf3 Nc6 3. Bb5 Nd4 4. Nxd4 cxd4 5. O-O g6 6. d3 Bg7 7. Nd2 e6 8. f4
Ne7 9. Nf3 O-O 10. Qe1 a6 11. Ba4 b5 12. Bb3 Bb7 13. Qf2 d5 14. e5 a5 15. a4
bxa4 16. Bxa4 Bc6 17. Nxd4 Bxa4 18. Rxa4 Qd7 19. Ra1 Nc6 20. g4 Rfc8 21. c3
Nxd4 22. Qxd4 Qc6 23. f5 exf5 24. gxf5 gxf5 25. Rxf5 Qe6 26. Qg4 Kh8 27. d4 Rg8
28. Rg5 Bh6 29. Qxe6 fxe6 30. Rxg8+ Rxg8+ 31. Kf2 Rf8+ 32. Ke2 Bxc1 33. Rxc1
Rg8 34. Kf3 Rb8 35. Rc2 Rb3 36. Rg2 a4 37. Rc2 Kg7 38. Kg4 Kg6 39. h4 h5+ 40.
Kf4 Kh6 41. Ke3 Kg6 42. Rg2+ Kh6 43. Kd3 a3 44. bxa3 Rxa3 45. Rb2 Kg6 46. Rf2
Ra6 47. c4 dxc4+ 48. Kxc4 Ra4+ 49. Kc5 Ra5+ 50. Kb6 Rd5 51. Rf4 Rd8 52. Kc5 Re8
53. Kd6 Kg7 54. Kd7 Ra8 55. Kxe6 Ra6+ 56. Kd5 Ra5+ 57. Ke4 Kg6 58. Rf6+ Kg7 59.
d5 Ra4+ 60. Kf5 Rxh4 61. d6 Rh1 62. d7 Rd1 63. Rd6 Rf1+ 64. Ke6 Rf8 65. d8=Q
Rxd8 66. Rxd8 h4 67. Rd1 h3 68. Rh1 h2 69. Rxh2 {LamarreArmand a abandonné}
1-0

[Event "Champ FRA - Under 12"]
[Site "Europe Echecs"]
[Date "2020.07.08"]
[Round "6"]
[White "GhazaryanGor"]
[Black "DruonThibault"]
[Result "0-1"]
[WhiteElo "1431"]
[BlackElo "1644"]
[PlyCount "58"]
[EventDate "2020.??.??"]

1. e4 c5 2. Nf3 d6 3. d4 cxd4 4. Nxd4 Nf6 5. Nc3 g6 6. Bc4 Bg7 7. Be3 O-O 8.
Qd2 Nc6 9. Nxc6 bxc6 10. Bh6 Rb8 11. Bxg7 Kxg7 12. O-O Rxb2 13. Rab1 Rxb1 14.
Rxb1 Be6 15. Bxe6 fxe6 16. Qe3 Ng4 17. Qg5 Nxf2 18. Rb7 Rf7 19. h4 Qf8 20. h5
Nh3+ 21. gxh3 Rf1+ 22. Kh2 Qf2+ 23. Qg2 Qf4+ 24. Qg3 Rf2+ 25. Kh1 Qxg3 26.
Rxe7+ Kh6 27. Rxh7+ Kxh7 28. hxg6+ Kxg6 29. Ne2 Qh2# {GhazaryanGor est échec
et mat} 0-1

[Event "Champ FRA - Under 12"]
[Site "Europe Echecs"]
[Date "2020.07.08"]
[Round "6"]
[White "BreuilVirgile"]
[Black "RajapAhmedAsif"]
[Result "0-1"]
[WhiteElo "1622"]
[BlackElo "1428"]
[PlyCount "62"]
[EventDate "2020.??.??"]

1. e4 e5 2. Nc3 Nf6 3. d3 Bc5 4. f4 d6 5. Nf3 Nc6 6. Nd5 O-O 7. f5 Nxd5 8. exd5
Ne7 9. f6 gxf6 10. Bh6 Re8 11. Nd2 Nf5 12. Qg4+ Kh8 13. Qh5 Nxh6 14. Qxh6 Bf5
15. g4 Bd7 16. Ne4 Bxg4 17. Nxf6 Bf5 18. c3 Rf8 19. d4 exd4 20. Rg1 Qe7+ 21.
Kd1 Bg6 22. Qf4 dxc3 23. Rg3 c2+ 24. Kd2 Bb4+ 25. Qxb4 Qxf6 26. Be2 Rae8 27.
Rf3 Qg5+ 28. Rf4 Qxd5+ 29. Rd4 Qg2 30. Re1 c5 31. Rg4 Qd5+ {BreuilVirgile a
abandonné} 0-1

[Event "Champ FRA - Under 12"]
[Site "Europe Echecs"]
[Date "2020.07.08"]
[Round "6"]
[White "FolioPierre"]
[Black "AuribaultLouis"]
[Result "0-1"]
[WhiteElo "1349"]
[BlackElo "1618"]
[PlyCount "114"]
[EventDate "2020.??.??"]

1. Nf3 Nf6 2. d4 g6 3. c4 Bg7 4. g3 O-O 5. Bg2 d6 6. O-O c5 7. dxc5 dxc5 8.
Qxd8 Rxd8 9. Nc3 Nc6 10. Bf4 Bf5 11. Rfd1 Ne4 12. Nxe4 Bxe4 13. Rab1 Bxb1 14.
Rxb1 e5 15. Bg5 f6 16. Be3 Nd4 17. Nxd4 cxd4 18. Bd2 Rac8 19. b3 b6 20. a4 a5
21. Bd5+ Kh8 22. h4 f5 23. Bg5 Re8 24. Kg2 e4 25. Rh1 h6 26. Bf4 Kh7 27. Kf1 d3
28. e3 Be5 29. Ke1 Bxf4 30. gxf4 Red8 31. Rg1 Rxd5 32. cxd5 Rc1+ 33. Kd2 Rc2+
34. Kd1 Rc5 35. d6 Rd5 36. Kd2 Rxd6 37. Rc1 g5 38. hxg5 hxg5 39. fxg5 Kg6 40.
Rc4 Kxg5 41. Rd4 Rc6 42. f4+ Kg4 43. Rc4 Rxc4 44. bxc4 Kf3 45. c5 bxc5 46. Kd1
Kxe3 47. Ke1 c4 48. Kd1 c3 49. Kc1 c2 50. Kb2 Kd2 51. Ka2 c1=Q 52. Kb3 Qc3+ 53.
Ka2 e3 54. Kb1 e2 55. Ka2 Qb4 56. Ka1 e1=Q+ 57. Ka2 Qeb1# {FolioPierre est
échec et mat} 0-1